000 00609nam a2200229 a 4500
999 _c5053
_d5053
005 20200528150625.0
008 140318b2004 ||||| |||| 00| 0 eng d
040 _aCO-BoIAVH
_cCO-BoIAVH
041 _aeng
082 _a639.34
090 _aLB
_b04446
100 _aAxelrod, Herbert R.
_922586
245 _aAtlas of freshwater aquarium fishes
250 _a3 ed.
260 _as.l.
_bT.F.H. Publications
_c2004
300 _a1153 p.
650 0 _aAcuarios
_94326
650 0 _aPeces de acuarios
_v Catálogos.
_9103200
700 _aAxelrod, Glen S.
_922587
942 _cLIBRO
_2z
945 _d2006-01-03